How to know the minerals and rocks /

Saved in:
Bibliographic Details
Main Author: Pearl, Richard M. (Richard Maxwell), 1913-
Format: Book
Language:English
Published: New York : McGraw-Hill, c1955.
Subjects:
LEADER 01099nam a2200301 a 4500
001 c000164095
003 CARM
005 19860509000000.0
008 730522s1955 nyuaf b 001 0 eng d
010 |a 53005783 /L 
019 1 |a 634895  |z 27494612  |5 LACONCORD2021 
020 |a 007049021 
035 |a (OCoLC)514170  |5 LACONCORD2021 
040 |a LC  |b eng  |c LC  |d NUN:M 
050 0 0 |a QE367  |b .P36 
082 0 0 |a 549.114 
082 0 4 |a 549.14  |2 20 
100 1 |a Pearl, Richard M.  |q (Richard Maxwell),  |d 1913- 
245 1 0 |a How to know the minerals and rocks /  |c Richard M. Pearl. 
260 |a New York :  |b McGraw-Hill,  |c c1955. 
300 |a 192 p., [8] p . of plates :  |b ill. (some col.) ;  |c 21 cm. 
500 |a Includes index. 
504 |a Includes bibliographical references (p. 187-188) 
650 0 |a Mineralogy, Determinative. 
650 0 |a Rocks  |x Identification. 
852 8 |b CARM  |h A2:AJ15A0  |i B04801  |p 0211133  |f BK 
999 f f |i 4af261bc-5e90-50d6-a4ba-be0d375efe45  |s dbd97709-53a0-5150-a1f1-f1226fca5b32 
952 f f |p Can circulate  |a CAVAL  |b CAVAL  |c CAVAL  |d CARM 1 Store  |e B04801  |f A2:AJ15A0  |h Other scheme  |i book  |m 0211133